000 00548nam a2200181Ia 4500
005 20250508151134.0
008 008 250505s9999 xx 000 0 eng d
037 _aTextual
040 _aFEDL
_beng
_cFEDL
041 _aeng
_2eng
084 _a371.092, RAS
_qFEDL
100 _aRasey Marie J
_9758499
245 0 _aIt takes time : An autobiography of the teaching profession
260 _aNew York, USA
_bHarperĀ and Brothers Publisher
_c1953
300 _ax,204p.
942 _cTEXL
_h371.092, RAS
999 _c1327828
_d1327828